| 000 | 00000nam##2200000za#4500 |
| 001 | 9.699955 |
| 003 | CaOODSP |
| 005 | 20210625000621 |
| 007 | cr ||||||||||| |
| 008 | 150407|1912||||xxc|||||o f|0| 0 eng|d |
| 040 | |aCaOODSP|beng |
| 043 | |an-cn--- |
| 086 | 1 |aCP32-135/1912E-PDF |
| 110 | 1 |aCanada. |bPrivy Council Office. |
| 245 | 10|aDominion Alberta and Saskatchewan Fisheries Commission, 1910-11 - report and recommendations with appendices / |h[electronic resource]|ccommissioners : Edward E. Prince (chairman), Thomas H. McGuire and Euston Sisley. |
| 246 | 1 |aAlberta and Saskatchewan Fishery Commission |
| 260 | |aOttawa - Ontario : |bPrivy Council Office |c1912. |
| 300 | |a83p.|btables, photographs |
| 500 | |aHistorical publication digitized in 2010 by Privy Council Office of Canada. |
| 590 | |a15-04-Supp|b2015-03-19 |
| 690 | 07|aFisheries|2gcpds |
| 690 | 07|aCommissions of inquiry|2gcpds |
| 856 | 40|ahttp://publications.gc.ca|qPDF|s6.25 MB|uhttps://publications.gc.ca/collections/collection_2014/bcp-pco/CP32-135-1912-eng.pdf |